000 00250nam a22001217a 4500
008 180226b xxu||||| |||| 00| 0 eng d
041 _aeng
080 _a617
100 _a6
101 _aANE
245 _aAnesthesia
_cMiller, R.D
942 _2udc
_cBK
999 _c43506
_d43506